000 00367nam a22001217a 4500
999 _c5454
_d5454
008 250918b ||||| |||| 00| 0 eng d
020 _a9781035005963
082 _a823.92 LEO
100 _aLEONARD,M.G.
_eAUTHOR
_lENGLISH
245 _aHUNT FOR THE GOLDEN SCARAB
260 _aTHE SMITHSON,6 BRISET STREET,LONDON EC1M 5NR
_bMACMILLAN CHILDREN'S BOOKS
_c2025
942 _2ddc